000 00411nam a2200157Ia 4500
008 230917s9999||||xx |||||||||||||| ||und||
020 _cRS0.36
040 _e12298
_aMAIN
041 _aEnglish
082 _a301.4443 A33J
100 _aArens, Jenneke
245 0 _aJhagrapur: Poor peasants and women:A village in Bangladesh
260 _aNew Delhi
_bOrient Langman
_c1977
300 _a211 p.
942 _cBK
999 _c218290
_d218290